UM Logo

High-frequency resonance suppression based on unified mmc high-frequency impedance model / (Record no. 21448)

MARC details
000 -LEADER
fixed length control field 01125nam a22002657a 4500
003 - CONTROL NUMBER IDENTIFIER
control field OSt
005 - DATE AND TIME OF LATEST TRANSACTION
control field 20250403101836.0
008 - FIXED-LENGTH DATA ELEMENTS--GENERAL INFORMATION
fixed length control field 240910b ||||| |||| 00| 0 eng d
040 ## - CATALOGING SOURCE
Transcribing agency 0
082 ## - DEWEY DECIMAL CLASSIFICATION NUMBER
Classification number DPer 621.317 Ie21 December 2022 v.37 n. 12 part 1&2.
100 ## - MAIN ENTRY--PERSONAL NAME
Personal name Xu, Zigao.
Relator term author.
9 (RLIN) 60542
245 ## - TITLE STATEMENT
Title High-frequency resonance suppression based on unified mmc high-frequency impedance model /
Statement of responsibility, etc. Zigao Xu, Binbin Li, Xiongfie Wang, Frede Blaagbjerg, and Disnguo Xu.
260 ## - PUBLICATION, DISTRIBUTION, ETC. (IMPRINT)
Place of publication, distribution, etc. New York ;
Name of publisher, distributor, etc. The Institute of Electrical and Electronics Engineers, Inc.,
Date of publication, distribution, etc. December 2022.
300 ## - PHYSICAL DESCRIPTION
Extent volume 37, pages 14755-14769,
Other physical details illustration.
500 ## - GENERAL NOTE
General note IEEE Transactions on Power Electronics, v. 37 n. 12, pages 14755-14769, December 2022.
650 #0 - SUBJECT ADDED ENTRY--TOPICAL TERM
Topical term or geographic name as entry element Damper.
9 (RLIN) 66134
650 #0 - SUBJECT ADDED ENTRY--TOPICAL TERM
Topical term or geographic name as entry element high-frequency resonance (HFR).
9 (RLIN) 66135
650 #0 - SUBJECT ADDED ENTRY--TOPICAL TERM
Topical term or geographic name as entry element unified impedance model.
9 (RLIN) 66136
700 ## - ADDED ENTRY--PERSONAL NAME
Personal name Xu, Zigao.
Relator term author.
9 (RLIN) 60542
700 ## - ADDED ENTRY--PERSONAL NAME
Personal name Li, Binbin.
Relator term author.
9 (RLIN) 60543
700 ## - ADDED ENTRY--PERSONAL NAME
Personal name Wang, Xiongfie.
Relator term author.
9 (RLIN) 60544
700 ## - ADDED ENTRY--PERSONAL NAME
Personal name Blaagbjerg, Frede.
Relator term author.
9 (RLIN) 60545
700 ## - ADDED ENTRY--PERSONAL NAME
Personal name Xu, Dianguo.
Relator term author.
9 (RLIN) 60546
942 ## - ADDED ENTRY ELEMENTS (KOHA)
Source of classification or shelving scheme Dewey Decimal Classification
Koha item type Periodicals
Holdings
Withdrawn status Lost status Source of classification or shelving scheme Damaged status Not for loan Collection code Home library Current library Date acquired Total Checkouts Full call number Date last seen Price effective from Koha item type Public note
    Dewey Decimal Classification     Periodicals UM Digos College - LIC UM Digos College - LIC 09/10/2024   DPer 621.317 Ie21 December 2022 v.37 n. 12 part 1&2. 09/10/2024 09/10/2024 Periodicals Periodical Article